Global economic reports (Record no. 119372)
[ view plain ]
| 000 -LEADER | |
|---|---|
| fixed length control field | 00991cas a2200241 4500 |
| 001 - CONTROL NUMBER | |
| control field | L156544 |
| 008 - FIXED-LENGTH DATA ELEMENTS--GENERAL INFORMATION | |
| fixed length control field | 120606c2012 eng u |
| 035 ## - SYSTEM CONTROL NUMBER | |
| System control number | (Sirsi) u156544 |
| 041 0# - LANGUAGE CODE | |
| Language code of text/sound track or separate title | eng |
| 110 2# - MAIN ENTRY--CORPORATE NAME | |
| Corporate name or jurisdiction name as entry element | The City UK |
| 9 (RLIN) | 6083 |
| 245 00 - TITLE STATEMENT | |
| Title | Global economic reports |
| Medium | [electronic resource] |
| 260 ## - PUBLICATION, DISTRIBUTION, ETC. | |
| Place of publication, distribution, etc. | London |
| Name of publisher, distributor, etc. | The City UK |
| Date of publication, distribution, etc. | 2012 |
| 362 0# - DATES OF PUBLICATION AND/OR SEQUENTIAL DESIGNATION | |
| Dates of publication and/or sequential designation | April 2012- |
| 490 #0 - SERIES STATEMENT | |
| Series statement | The City UK Global Economic Reports |
| Volume/sequential designation | April 2012- |
| 520 ## - SUMMARY, ETC. | |
| Summary, etc. | Concise monthly reports offering regional economic commentary of use to property professionals interested in the following regions or major economies: Brazil, China, GCC (Middle East), Global, India, Russia, South and Sub-Saharan Africa, and Turkey. |
| 554 ## - | |
| -- | Monthly |
| 651 #4 - SUBJECT ADDED ENTRY--GEOGRAPHIC NAME | |
| Geographic name | International |
| 690 ## - LOCAL SUBJECT ADDED ENTRY--TOPICAL TERM (OCLC, RLIN) | |
| Topical term or geographic name as entry element | Commercial property |
| 9 (RLIN) | 6227 |
| 690 ## - LOCAL SUBJECT ADDED ENTRY--TOPICAL TERM (OCLC, RLIN) | |
| Topical term or geographic name as entry element | Residential property |
| 9 (RLIN) | 6266 |
| 710 2# - ADDED ENTRY--CORPORATE NAME | |
| Corporate name or jurisdiction name as entry element | Oxford Economics |
| 856 40 - ELECTRONIC LOCATION AND ACCESS | |
| Uniform Resource Identifier | <a href="https://www.thecityuk.com/research/our-work/reports-list/?start=0">https://www.thecityuk.com/research/our-work/reports-list/?start=0</a> |
| Public note | View the reports at www.thecityuk.com |
| 942 ## - ADDED ENTRY ELEMENTS (KOHA) | |
| Suppress in OPAC | 0 |
| Withdrawn status | Lost status | Source of classification or shelving scheme | Damaged status | Not for loan | Home library | Current library | Shelving location | Date acquired | Total Checkouts | Full call number | Barcode | Date last seen | Copy number | Price effective from | Koha item type |
|---|---|---|---|---|---|---|---|---|---|---|---|---|---|---|---|
| Dewey Decimal Classification | Virtual | Virtual | Online | 05/06/2012 | ONLINE PUBLICATION | 156544-2001 | 06/08/2019 | 1 | 06/08/2019 | Book |